书目信息 |
| 题名: |
新型功能材料导论
|
|
| 作者: | 郭卫红 , 李秋影 , 汪济奎 编著 | |
| 分册: | ||
| 出版信息: | 上海 华东理工大学出版社 2014.10 |
|
| 页数: | 188页 | |
| 开本: | 26cm | |
| 丛书名: | ||
| 单 册: | ||
| 中图分类: | TB34 | |
| 科图分类: | ||
| 主题词: | 功能材料--gong neng cai liao--高等教育--教材 | |
| 电子资源: | ||
| ISBN: | 978-7-5628-3449-6 | |
| 000 | 01019nam0 2200289 450 | |
| 001 | CAL 0120141420819 | |
| 005 | 20150823165348.09 | |
| 010 | @a978-7-5628-3449-6@dCNY36.00 | |
| 100 | @a20141118d2014 em y0chiy50 ea | |
| 101 | 0 | @achi |
| 102 | @aCN@b310000 | |
| 105 | @aak a 000yy | |
| 106 | @ar | |
| 200 | 1 | @a新型功能材料导论@Axin xing gong neng cai liao dao lun@f汪济奎, 郭卫红, 李秋影编著 |
| 210 | @a上海@c华东理工大学出版社@d2014.10 | |
| 215 | @a188页@c图@d26cm | |
| 320 | @a有书目 | |
| 330 | @a本书以功能材料为主线, 全面系统地介绍了新型功能材料的设计方法和制备理论, 研究了具有电学、化学功能的材料以及生物功能材料等, 还介绍了功能复合材料、具有分离功能的材料等。 | |
| 333 | @a普通高等教育材料类专业规划教材 | |
| 586 | @a | |
| 606 | 0 | @a功能材料@Agong neng cai liao@x高等教育@j教材 |
| 690 | @aTB34@v5 | |
| 701 | 0 | @a郭卫红@Aguo wei hong@4编著 |
| 701 | 0 | @a李秋影@Ali qiu ying@4编著 |
| 701 | 0 | @a汪济奎@Awang ji kui@4编著 |
| 801 | 0 | @aCN@c20150820 |
| 905 | @a河南城建学院图书馆@dTB34@eW060@f3 | |
| 新型功能材料导论/汪济奎, 郭卫红, 李秋影编著.-上海:华东理工大学出版社,2014.10 |
| 188页:图;26cm |
| 使用对象:普通高等教育材料类专业规划教材 |
| ISBN 978-7-5628-3449-6:CNY36.00 |
| 本书以功能材料为主线, 全面系统地介绍了新型功能材料的设计方法和制备理论, 研究了具有电学、化学功能的材料以及生物功能材料等, 还介绍了功能复合材料、具有分离功能的材料等。 |
| ● |
| 相关链接 |
|
|
|
正题名:新型功能材料导论
索取号:TB34/W060
 
预约/预借
| 序号 | 登录号 | 条形码 | 馆藏地/架位号 | 状态 | 备注 |
| 1 | 1169671 | 211696716 | 自科二线400A/400A自科库 31排1列5层/ [索取号:TB34/W060] | 在馆 | |
| 2 | 1169672 | 211696725 | 自科二线504/504自科库 14排3列1层/ [索取号:TB34/W060] | 在馆 | |
| 3 | 1169673 | 211696734 | 自科库501/501自科库 13排4列3层/ [索取号:TB34/W060] | 在馆 |